00575nam a2200205Ia 4500003000400000005001700004008004100021020001900062040000700081041000800088082001300096100003400109245003500143260001700178300000900195650002000204942001300224999001900237952011300256OSt20251125152314.0250729s1893 xx 000 0 und d a978-8119139293 cAL aeng a900 MALH aMalleson G B Collonel9224845 aHistory of the french in india aLondonc1893 a614p aHistory9224846 2ddccBED c236617d236617 00104070aALbALd2025-07-29eManagement Booksl0o900 MALHpBED01936r2025-07-29 16:54:58w2025-07-29yBK